000 00738nam a2200205Ii 4500
003 JO-AjNU
008 230605s9999||||xx |||||||||||||| ||und||
040 _aJO-AjNU
_bara
_erda
_cJO-AjNU
041 _aara
050 1 4 _aBP154.S52.U23 1992
100 3 _aالعبيدي، حمادي,
_eauthor
_96905
245 0 0 _aالشاطبي ومقاصد الشريعة
250 _aط1
264 3 1 _aبيروت-دمشق: دار قتيبة للطباعة والنشر والتوزيع، 1992
300 _a331ص
_bالفهارس العامة ص 291-331
336 _atext
_btxt
_2rdacontent
337 _aunmediated
_bn
_2rdamedia
338 _avolume
_bnc
_2rdacarrier
650 4 _aمقاصد الشريعة- اصول الفقه الاسلامي
_96906
999 _aA9
_c3577
_d3577